Fanny / (Record no. 133522)

MARC details
000 -LEADER
campo de control de longitud fija 00669nam a2200229 i 4500
001 - NÚMERO DE CONTROL
campo de control 133522
003 - IDENTIFICADOR DE NÚMERO DE CONTROL
campo de control ES-MaACL
005 - FECHA Y HORA DE LA ÚLTIMA TRANSACCIÓN
campo de control 20230906194433.0
007 - CAMPO FIJO DE DESCRIPCIÓN FÍSICA--INFORMACIÓN GENERAL
campo de control de longitud fija t|
008 - DATOS DE LONGITUD FIJA--INFORMACIÓN GENERAL
campo de control de longitud fija 070820s1948 fr ||||1| fre d
080 ## - NÚMERO DE LA CLASIFICACIÓN DECIMAL UNIVERSAL
Número de la Clasificación Decimal Universal 821.133.1"18"
100 1# - ENTRADA PRINCIPAL--NOMBRE DE PERSONA
Nombre de persona Feydeau, Ernest-Aimé.
9 (RLIN) 50652
245 10 - MENCIÓN DEL TÍTULO
Título Fanny /
Mención de responsabilidad, etc. Ernest Feydeau ; préface de René Dumesnil.
260 ## - PUBLICACIÓN, DISTRIBUCIÓN, ETC.
Lugar de publicación, distribución, etc. Paris :
Nombre del editor, distribuidor, etc. Stock,
Fecha de publicación, distribución, etc. [1948]
300 ## - DESCRIPCIÓN FÍSICA
Extensión 192 p. ;
Dimensiones 21 cm.
490 1# - MENCIÓN DE SERIE
Mención de serie Cent romans français
500 ## - NOTA GENERAL
Nota general Biblioteca Jacinto Martínez Lacalle.
700 1# - ENTRADA AGREGADA--NOMBRE PERSONAL
Nombre de persona Dumesnil, René.
9 (RLIN) 45998
830 0# - PUNTO DE ACCESO ADICIONAL DE SERIE-TÍTULO UNIFORME
Título uniforme Cent romans français
9 (RLIN) 219747
852 ## - LOCALIZACIÓN
Ubicación ES-MaACL
Número de control de estantería E-11968
Sublocalización o colección R.139861
Holdings
Estatus retirado Estado de pérdida Estado de daño No para préstamo Biblioteca de origen Biblioteca actual Ubicación en estantería Fecha de adquisición Fuente de adquisición Total de préstamos Signatura topográfica completa Código de barras Visto por última vez Precio de reemplazo Tipo de ítem Koha
        Biblioteca del Ateneo de Madrid Biblioteca del Ateneo de Madrid Depósito 2 17/01/2008     E-11968 1138999 23/02/2023 23/02/2023 Libro impreso